High School Reading Quiz Stats

Quiz not verified by Sporcle

Also try: Required reading
Challenge
Share
Tweet
Embed
Score 0/20 Timer 08:00
0 Plays Today
Characters Title % Correct
Mercutio, Nurse, ParisRomeo and Juliet
87.4%
Roger, Simon, PiggyLord of the Flies
78.5%
Tom Robinson, Bob Ewell, Miss MaudieTo Kill a Mockingbird
71.2%
Myrtle Wilson, Meyer Wolfsheim, Tom BuchananThe Great Gatsby
67.6%
King Duncan, Banquo, Young SiwardMacbeth
67.3%
Guildenstern, Fortinbras, GertrudeHamlet
66.8%
Curley, Candy, CarlsonOf Mice and Men
45.8%
Emmanuel Goldstein, Parsons, Syme1984
42.6%
Mr. Jones, Mollie, BenjaminAnimal Farm
39%
Ackley, Stradlater, Sally HayesCatcher in the Rye
38.3%
Characters Title % Correct
Clarisse McClellan, Mildred Montag, Captain BeattyFahrenheit 451
32%
Cherry Valance, Johnny Cade, Dallas WinstonThe Outsiders
31%
S. Morgenstern, Count Rugen,The AlbinoThe Princess Bride
27.8%
Kilgore Trout, Edgar Derby, Roland WearySlaughterhouse-Five
27.6%
Nelly Dean, Lockwood, Isabella LintonWuthering Heights
27.4%
Doc Daneeka, Clevinger, SnowdenCatch-22
26.6%
Robert Walton, Henry Clerval, Justine MoritzFrankenstein
17.7%
Ezinma, Mr. Brown, IkemefunaThings Fall Apart
16.9%
Sibyl Vane, Alan Campbell, Henry WottonThe Picture of Dorian Grey
9%
Jay Cee, Joan Gilling, Philomena GuineaThe Bell Jar
8.5%

You're not logged in!

Compare scores with friends on all Sporcle quizzes.
Sign Up with Email
OR
Log In

You Might Also Like...

Show Comments

Extras

Curator's Pick Jun 24, 2015ReportNominate
Tags:Young Adult Quiz, classic literature

Top Quizzes Today


Score Distribution

Your Account Isn't Verified!

In order to create a playlist on Sporcle, you need to verify the email address you used during registration. Go to your Sporcle Settings to finish the process.